00522nam a2200181Ii 450000100060000000300090000600800410001504000330005604100080008908200230009710000250012024500530014526400490019830000120024733600260025933700280028533800270031313497CO-ViMGA241108s9999||||xx |||||||||||||| ||und|| aCO-ViMGAbspaerdacCO-ViMGA0 aspa04aF.FC 342.03 - C36c1 aManuel José Cepeda10aLa constituyente por dentro:bMitos y realidades 1aBogotá, Colombia : Imprenta Nacional, 1993 avolumen atextbtxt2rdacontent aunmediatedbn2rdamedia avolumebnc2rdacarrier